000 00499nam a22001577a 4500
020 _qHard Cover.
082 _a004
100 _aHussain, Wahid
245 _aStatistical and graph based Analysis of Botnet /
_cWahid Hussain
260 _aIslamabad :
_bSEECS - NUST,
_c2017.
300 _axii, 90 p. ; ill. ;
_c30cm.
650 _aSoftware Engineering-Project Report
_930818
700 _aDr. Nazar Abbas Saqib
_925413
942 _2ddc
_cPR
999 _c540533
_d540533